000 00746nam a2200265Ia 4500
005 20260302114235.0
008 008 260114s9999 xx 000 0 eng d
020 _a9798881814120
037 _aTextbook
040 _aCRL
040 _beng
040 _cCRL
041 _2eng
041 _aeng
084 _qCRL
100 _aSarah Kenehan & Corey Katz
_91118181
245 0 _aClimate Justice and Feasibility Normative Theorizing, Feasibility Constraints, and Climate Action
260 _bBloomsbury
260 _bRowman & Littlefield
260 _c2021
650 _aPhilosophy
856 _uhttps://doi.org/10.5040/9798881814120?locatt=label:secondary_bloomsburyCollections
942 _cEBOOK
999 _c1681843
_d1681843